Široko-záberové zavlažovače nové trendy vo vývoji zavlažovania v zahraničí

Bibliographic Details
Main Author: Jobbágy, Ján, 1980- (Author)
Format: Article
Language:Slovak
PhysicalDescription:Obr.
ISSN:1335-6178
Subjects:

MARC

LEADER 00000nab a2200000 a 4500
001 vtls009327416
003 SK-MaSNL
005 20260304152251.0
008 250506c2008 xo |||||||||||000 b|slo
015 |a SNBRB2008/08  |2 snkbucl 
035 |a (uuid)ac640c8a-e880-49cc-9f5d-c5f21ed0054e 
035 |a urn:nbn:sk:snk-ab1vir 
035 |a (urnnbn)urn:nbn:sk:snk:ar-a01235 
038 |a SNKBUCL 
040 |a SNKBUCL  |b slo  |c SNKBUCL  |e AACR2 
041 0 |a slo 
044 |a xo  |c SK 
080 |a 631.347  |2 1997 
080 |a 631.67  |2 1997 
100 1 |a Jobbágy, Ján,  |d 1980-  |4 aut  |9 203069 
245 1 0 |a Široko-záberové zavlažovače  |b nové trendy vo vývoji zavlažovania v zahraničí  |c Ján Jobbágy 
300 |b Obr. 
650 0 7 |a zavlažovanie  |2 snkbucl  |9 19474 
650 0 7 |a širokozáberové zavlažovače  |2 snkbucl  |9 1067071 
650 0 7 |a zavlažovače  |2 snkbucl  |9 847681 
773 0 |t Moderná mechanizácia v poľnohospodárstve  |g Roč. XI, č. 8 (2008), s. 7-9  |x 1335-6178 
850 |a Slovenská národná knižnica 
852 |a Slovenská národná knižnica 
954 |a odborná, vedecká literatúra pôvodná (slovenská)  |2 lita 
958 |a article27 
958 |a OND 
958 |a EUIPO 
999 |c 2948039  |d 2949969